000
00210 a2200097 4500
001
18943
100
_a
Godfray H
245
_a
Treatise on astronomy
260
_a
_b
Macmillan & Co
_c
1886
090
_c
14031
_d
14031
942
_a
NUST-CAE
_c
M
_c
4483
999
_c
254016
_d
254016